Family law lectures : (Record no. 157408)

MARC details
000 -LEADER
fixed length control field 00565nam a22001817a 4500
005 - DATE AND TIME OF LATEST TRANSACTION
control field 20181218125600.0
010 ## - LCCN (DPL NO)
LC control number B-090363
020 ## - INTERNATIONAL STANDARD BOOK NUMBER
International Standard Book Number 818038070X
Terms of availability 395.00
035 ## - SYSTEM CONTROL NUMBER
System control number B-090363
082 ## - DEWEY DECIMAL CLASSIFICATION NUMBER
Classification number 346.015
Item number SAX
100 ## - MAIN ENTRY--PERSONAL NAME
Personal name Saxena, Poonam Pradhan
245 ## - TITLE STATEMENT
Title Family law lectures :
Remainder of title family law II /
Statement of responsibility, etc by Poonam Pradhan Saxena
260 ## - PUBLICATION, DISTRIBUTION, ETC. (IMPRINT)
Place of publication, distribution, etc New Delhi
Name of publisher, distributor, etc Lexis nexis butterworth
Date of publication, distribution, etc 2004
270 ## - ADDRESS
Address 14th floor, vijaya building 17 barakhamba road
City New Delhi
Postal code 110001
300 ## - PHYSICAL DESCRIPTION
Extent 685p.:
Dimensions 22cm
942 ## - ADDED ENTRY ELEMENTS (KOHA)
Source of classification or shelving scheme Dewey Decimal Classification
Item type English Books
Classification part 346.015
Call number suffix SAX
Holdings
Withdrawn status Lost status Not for loan Collection code Home library Current library Date acquired Source of acquisition Cost, normal purchase price Full call number Barcode Cost, replacement price Koha item type
      Non-fiction Patel Nagar Patel Nagar 12/09/2018 BPPD/PUB 395.00 346.015 SAX B-090363 395.00 English Books

© Delhi Public Library
Hit Counter
free hit counter